000 00367nam a2200145 i 4500
001 bg
245 0 _aEnergochłonność skumulowana /
_cred. nauk. Zdzisław Bibrowski.
260 _aWarszawa,
_c1983.
700 1 _aBibrowski, Zdzisław.
_eRed.
040 _cBPK
041 _apol
080 _a620.9.003
942 _cKS
008 s pl f |000 0 pol
999 _c21959
_d21959
856 _uhttp://koha.tu.koszalin.pl/cgi-bin/koha/opac-detail.pl?biblionumber=21959
_yKatalog online BPK